Vlašim

Další autoři: Hlávka, Karel, 1895-1965
Jazyk: Čeština
Vydáno: Praha : Vojenský zeměpisný ústav a Klub českých turistů, 1948
Vydání: 2. vyd.
Edice: Sbírka turistických map
Fyzický popis: 1 mp.
Mapy
Uloženo v:
LEADER 00825nem a22002172a 4500
001 000569901
003 CZ BrMZK
005 20040129093119.0
008 010907s1948 xr cze d
040 |a BOA001  |b cze  |c BOA001 
245 0 0 |a Vlašim  |h [kartografický dokument] ; Karel Hlávka 
250 |a 2. vyd. 
260 |a Praha :  |b Vojenský zeměpisný ústav a Klub českých turistů,  |c 1948 
300 |a 1 mp. 
490 1 |a Sbírka turistických map ;  |v č. 52a 
700 1 |a Hlávka, Karel,  |d 1895-1965  |7 jk01041266 
830 0 |a Sbírka turistických map 
910 |a BOA001  |b Mp2-0118.194,52a 
990 |a MP 
996 7 |b 2619728741  |c Mp2-0118.194,52a  |l MZK  |r Sklad / do 1 hodiny  |n 0  |w 000569901  |u 000020  |a 1  |e BOA001  |j MZK50  |s A 
996 6 |b 2619728742  |c Mp2-0118.194,52a  |l MZK  |r Sklad / do 1 hodiny  |n 0  |w 000569901  |u 000010  |a 1  |e BOA001  |j MZK50  |s P